[Event "Quebec-ch U16"]
[Site "Montreal"]
[Date "1990.03.03"]
[Round "4"]
[White "Nguyen, Christophe"]
[Black "Marcil, Alexandre"]
[Result "1-0"]
[WhiteElo "1567"]
[BlackElo "1736"]
[PlyCount "121"]
[EventDate "1990.03.01"]
[EventType "tourn"]
[EventRounds "7"]
[EventCountry "CAN"]
[SourceTitle "EXT 2022"]
[Source "ChessBase"]
[SourceDate "2021.10.06"]
[SourceVersion "1"]
[SourceVersionDate "2021.10.06"]
[SourceQuality "1"]

1. e4 e5 2. Nf3 Nc6 3. Bb5 a6 4. Ba4 Nf6 5. 0-0 Be7 6. Re1 b5 7. Bb3 0-0 8. a4 Bb7 9. d3 d6 10. Nbd2 Qd7 11. c3 Na5 12. Bc2 c5 13. Nf1 Rfe8 14. Ng3 Bf8 15. h3 g6 16. Nh2 Bg7 17. f4 Nc6 18. f5 b4 19. Ng4 Nxg4 20. Qxg4 Bc8 21. Qf3 Qe7 22. Bb3 Nd8 23. Rf1 Bf8 24. fxg6 hxg6 25. cxb4 cxb4 26. Be3 a5 27. Rac1 Be6 28. Bxe6 Nxe6 29. Rc4 Rec8 30. b3 Nc5 31. Bxc5 Rxc5 32. h4 Ra7 33. h5 Qg5 34. hxg6 Qxg6 35. Nf5 Rd7 36. Ne3 Rb7 37. Qf5 Kg7 38. Rxc5 dxc5 39. Qxe5+ f6 40. Nf5+ Kh8 41. Qd5 Rh7 42. Rf3 Qg5 43. Ne3 Qh4 44. Nf1 Rh5 45. Qxh5+ Qxh5 46. Rh3 Qxh3 47. gxh3 Bd6 48. Ne3 Be5 49. Nc4 Bc7 50. Kg2 Kg7 51. Kf3 Kh6 52. Kg4 Kg6 53. h4 Bd8 54. h5+ Kh6 55. Nd6 Kg7 56. h6+ Kg6 57. Nf5 Bc7 58. Ne7+ Kxh6 59. Kf5 Kg7 60. Ke6 Kf8 61. Nd5 1-0

[Event "Quebec-ch U16"]
[Site "Montreal"]
[Date "1990.03.01"]
[Round "1"]
[White "Charest, Johanne"]
[Black "Marcil, Alexandre"]
[Result "1/2-1/2"]
[WhiteElo "1531"]
[BlackElo "1736"]
[PlyCount "151"]
[EventDate "1990.03.01"]
[EventType "tourn"]
[EventRounds "7"]
[EventCountry "CAN"]
[SourceTitle "EXT 2022"]
[Source "ChessBase"]
[SourceDate "2021.10.06"]
[SourceVersion "1"]
[SourceVersionDate "2021.10.06"]
[SourceQuality "1"]

1. e4 e5 2. Nf3 Nc6 3. Bc4 Bc5 4. c3 Nf6 5. d3 h6 6. Be3 Bb6 7. h3 d6 8. Nbd2 0-0 9. Qe2 Be6 10. 0-0 Re8 11. Rfe1 Qe7 12. Bb3 Rad8 13. Ba4 Bd7 14. Rad1 Nd4 15. cxd4 Bxa4 16. b3 exd4 17. Bxd4 Bb5 18. Qe3 Qd7 19. Nf1 Bxd4 20. Nxd4 Bc6 21. Qg3 Kh7 22. Ne3 Rg8 23. Qf4 b6 24. Nef5 Bb7 25. Re3 c5 26. Ne2 Qe6 27. Qh4 Nd7 28. Nf4 Qf6 29. Qh5 g5 30. Ne2 Qg6 31. Qf3 Ne5 32. Qg3 Rge8 33. Nc3 d5 34. Nb5 dxe4 35. Nbd6 Rxd6 36. Nxd6 Qxd6 37. Rde1 exd3 38. Rxd3 Qxd3 39. Qxd3+ Nxd3 40. Rxe8 Nb4 41. Re7 Bd5 42. Rxa7 Kg6 43. a3 Nc2 44. Ra6 f6 45. Rxb6 Nxa3 46. Ra6 Nc2 47. Ra5 Bxb3 48. Rxc5 Nd4 49. f3 Ne2+ 50. Kf2 Nf4 51. Rc3 Bd5 52. Ra3 Be6 53. Kg3 h5 54. Ra6 Bc4 55. Ra1 h4+ 56. Kh2 Be6 57. Ra5 Nd3 58. Ra3 Ne5 59. Ra6 Bd5 60. Ra3 Kf5 61. Kg1 Kf4 62. Kf2 Bc4 63. Ra4 Kf5 64. Ra5 Be6 65. Ra4 Nc4 66. Rb4 Kg6 67. Ra4 Nb2 68. Ra3 Kf5 69. Ra5+ Kf4 70. Ra6 Kf5 71. Ra5+ Kg6 72. Ra3 Nc4 73. Ra4 Ne5 74. Ra3 Bf5 75. Ra5 Nd3+ 76. Kg1 1/2-1/2

[Event "Quebec-ch U16"]
[Site "Montreal"]
[Date "1989.03.05"]
[Round "7"]
[White "Marcil, Alexandre"]
[Black "Salko, Nicolas"]
[Result "1/2-1/2"]
[WhiteElo "1549"]
[BlackElo "1463"]
[PlyCount "71"]
[EventDate "1989.03.02"]
[EventType "tourn"]
[EventRounds "7"]
[EventCountry "CAN"]
[SourceTitle "EXT 2022"]
[Source "ChessBase"]
[SourceDate "2021.10.06"]
[SourceVersion "1"]
[SourceVersionDate "2021.10.06"]
[SourceQuality "1"]

1. e4 e5 2. Nf3 Nc6 3. Bc4 Bc5 4. b4 Bxb4 5. c3 Bc5 6. d4 exd4 7. 0-0 Na5 8. Qa4 Nxc4 9. Qxc4 d6 10. cxd4 Bb6 11. Bg5 f6 12. Bh4 Qe7 13. a4 a6 14. a5 Ba7 15. Nc3 Be6 16. Qb4 c5 17. Qb2 Nh6 18. Na4 cxd4 19. Nxd4 Bf7 20. Nb6 Bxb6 21. Qxb6 0-0 22. f3 d5 23. exd5 Bxd5 24. Rfe1 Qd8 25. Qb4 Re8 26. Bf2 Qd7 27. Nb3 Rxe1+ 28. Rxe1 Qb5 29. Qxb5 axb5 30. Rb1 Bxb3 31. Rxb3 Rxa5 32. Bb6 Ra1+ 33. Kf2 Rd1 34. Rxb5 Rd7 35. Be3 Nf7 36. Bf4 1/2-1/2

[Event "Quebec-ch U16"]
[Site "Montreal"]
[Date "1988.03.04"]
[Round "3"]
[White "Marcil, Alexandre"]
[Black "Malo, Pascal"]
[Result "1-0"]
[WhiteElo "1552"]
[BlackElo "1606"]
[PlyCount "57"]
[EventDate "1988.03.03"]
[EventType "tourn"]
[EventRounds "7"]
[EventCountry "CAN"]
[SourceTitle "EXT 2022"]
[Source "ChessBase"]
[SourceDate "2021.10.06"]
[SourceVersion "1"]
[SourceVersionDate "2021.10.06"]
[SourceQuality "1"]

1. e4 e5 2. Nf3 Nc6 3. Bb5 d6 4. Nc3 Bd7 5. 0-0 a6 6. Bxc6 Bxc6 7. d3 Nf6 8. Be3 d5 9. exd5 Nxd5 10. Nxe5 Qf6 11. Bd4 0-0-0 12. Nxc6 Qxc6 13. Nxd5 Rxd5 14. Bc3 Rg5 15. f3 h5 16. Rf2 Bd6 17. Qd2 Rg6 18. Re1 h4 19. Be5 Re8 20. Bxd6 Rxd6 21. Rxe8+ Qxe8 22. Re2 Qb5 23. b3 Qb6+ 24. Kf1 Rf6 25. Qe3 Qc6 26. Qe4 Qd7 27. Qh7 Qd8 28. Qxg7 Qd6 29. Qg8+ 1-0